Understanding the professional programmer / (Record no. 331)

000 -LEADER
fixed length control field nam a22 a 4500
005 - DATE AND TIME OF LATEST TRANSACTION
control field 20170503114444.0
008 - FIXED-LENGTH DATA ELEMENTS--GENERAL INFORMATION
fixed length control field 170503b1980 xxu||||| |||| 00| 0 eng d
020 ## - INTERNATIONAL STANDARD BOOK NUMBER
International Standard Book Number 0316928453
040 ## - CATALOGING SOURCE
Original cataloging agency AKMAL
082 ## - DEWEY DECIMAL CLASSIFICATION NUMBER
Edition number 19
Classification number 001.64/2/023
100 ## - MAIN ENTRY--PERSONAL NAME
Personal name Weinberg, Gerald M.
9 (RLIN) 752
245 ## - TITLE STATEMENT
Title Understanding the professional programmer /
Statement of responsibility, etc. Gerald M. Weinberg.
260 ## - PUBLICATION, DISTRIBUTION, ETC.
Place of publication, distribution, etc. Boston
Name of publisher, distributor, etc. Little, Brown
Date of publication, distribution, etc. c1982.
300 ## - PHYSICAL DESCRIPTION
Dimensions cm
490 ## - SERIES STATEMENT
Series statement Little, Brown computer systems series
490 ## - SERIES STATEMENT
Series statement Computer people series
599 ## - LOCAL NOTE
Local Note DALAM PROSES
650 ## - SUBJECT ADDED ENTRY--TOPICAL TERM
Topical term or geographic name entry element Electronic data processing personnel.
9 (RLIN) 753
650 ## - SUBJECT ADDED ENTRY--TOPICAL TERM
Topical term or geographic name entry element Computer programmers.
9 (RLIN) 754
852 ## - LOCATION
Location British Library
Sublocation or collection DSC
942 ## - ADDED ENTRY ELEMENTS (KOHA)
Source of classification or shelving scheme
Koha item type Book

No items available.

Pusat Sumber Maklumat Dato' Haji Sarmin Md Hussin, Akademi Kastam Diraja Malaysia, Melaka
Tel: 06-2331106 | Faks: 06-2313787